000 00830nam a2200205Ii 4500
003 JO-AjNU
008 230605s9999||||xx |||||||||||||| ||und||
040 _aJO-AjNU
_bara
_erda
_cJO-AjNU
041 _aara
050 1 4 _aLC4015.A9282 2002
100 3 _aالعزة،سعيد حسني,
_eauthor
_922816
245 0 0 _aالمدخل إلى التربية الخاصة للأطفال ذوي الحاجات الخاصة، المفهوم - التشخيص - أساليب التدريس
250 _aط1
264 3 1 _aعمان:الدار العلمية الدولية،2002/عمان:دار الثقافة،2002
300 _a210ص
336 _atext
_btxt
_2rdacontent
337 _aunmediated
_bn
_2rdamedia
338 _avolume
_bnc
_2rdacarrier
650 4 _aالمعوقون-تعليم-الفئات الخاصة-تعليم
_922817
999 _aA8159
_c11727
_d11727